[Event "Guimaraes Open 2019"]
[Site "Guimaraes"]
[Date "2019.09.01"]
[Round "7.11"]
[White "Martins, Diogo Faria Oliveira"]
[Black "Forgas Moreno, Yaniela"]
[Result "0-1"]
[WhiteElo "1984"]
[BlackElo "2276"]
[Annotator "NA"]
[PlyCount "82"]
[EventDate "2019.08.28"]
[EventType "swiss"]
[EventCountry "POR"]
[SourceTitle "playchess.com"]
[Source "ChessBase"]
[SourceQuality "1"]
[TimeControl "5400+30"]

1. e4 {[%emt 0:00:15]} c5 {[%emt 0:00:00]} 2. Nf3 {[%emt 0:00:29]} d6 {[%emt 0:00:00]} 3. d4 {[%emt 0:00:08]} Nf6 {[%emt 0:00:12]} 4. Nc3 {[%emt 0:00:19]} cxd4 {[%emt 0:00:07]} 5. Nxd4 {[%emt 0:00:08]} a6 {[%emt 0:00:03]} 6. Bg5 {[%emt 0:00:43]} Nbd7 {[%emt 0:00:13]} 7. Qe2 {[%emt 0:02:35]} h6 {[%emt 0:01:02]} 8. Bh4 {[%emt 0:01:08]} Qa5 {[%emt 0:00:19]} 9. O-O-O {[%emt 0:03:02]} e6 {[%emt 0:00:31]} 10. f4 {[%emt 0:01:21]} Be7 {[%emt 0:06:56]} 11. Nb3 {[%emt 0:01:59]} Qc7 {[%emt 0:01:27]} 12. Bg3 {[%emt 0:00:47]} g6 {[%emt 0:02:55]} 13. f5 {[%emt 0:02:18]} Ne5 {[%emt 0:01:17]} 14. Bxe5 {[%emt 0:02:37]} dxe5 {[%emt 0:00:07]} 15. fxg6 {[%emt 0:00:47]} fxg6 {[%emt 0:00:12]} 16. g3 {[%emt 0:02:10]} b5 {[%emt 0:04:39]} 17. Bh3 {[%emt 0:14:18]} Bd7 {[%emt 0:04:39]} 18. Rxd7 {[%emt 0:10:26]} Qxd7 {[%emt 0:01:08]} 19. Nd5 {[%emt 0:00:15]} Nxd5 {[%emt 0:12:52]} 20. exd5 {[%emt 0:00:03]} Qxd5 {[%emt 0:00:18]} 21. Bg2 {[%emt 0:00:42]} e4 {[%emt 0:00:03]} 22. Bxe4 {[%emt 0:03:54]} Qg5+ {[%emt 0:00:06]} 23. Kb1 {[%emt 0:00:35]} Rd8 {[%emt 0:00:33]} 24. h4 {[%emt 0:08:52]} Qxg3 {[%emt 0:02:22]} 25. Bc6+ {[%emt 0:02:04]} Kf7 {[%emt 0:01:33]} 26. Rf1+ {[%emt 0:00:40]} Bf6 {[%emt 0:00:50]} 27. h5 {[%emt 0:01:57]} Rd6 {[%emt 0:04:49]} 28. Nc5 {[%emt 0:02:36]} Ke7 {[%emt 0:08:12]} 29. Rxf6 {[%emt 0:05:47]} Qg1+ {[%emt 0:00:06]} 30. Rf1 {[%emt 0:00:10]} Qxc5 {[%emt 0:00:12]} 31. hxg6 {[%emt 0:00:44]} Rxc6 {[%emt 0:01:34]} 32. Rf7+ {[%emt 0:03:27]} Ke8 {[%emt 0:00:34]} 33. Qd3 {[%emt 0:01:23]} Rc7 {[%emt 0:07:26]} 34. a3 {[%emt 0:03:46]} Rxf7 {[%emt 0:01:09]} 35. gxf7+ {[%emt 0:00:03]} Kxf7 {[%emt 0:00:10]} 36. Qf3+ {[%emt 0:00:25]} Qf5 {[%emt 0:00:38]} 37. Qb7+ {[%emt 0:00:06]} Kf6 {[%emt 0:00:25]} 38. Qxa6 {[%emt 0:00:10]} Qf1+ {[%emt 0:00:21]} 39. Ka2 {[%emt 0:00:06]} Qc4+ {[%emt 0:00:05]} 40. Kb1 {[%emt 0:00:21]} Rd8 {[%emt 0:00:46]} 41. b3 {[%emt 0:00:04]} Rd1+ {[%emt 0:00:10]} 0-1

[Event "Guimaraes Open 2019"]
[Site "Guimaraes"]
[Date "2019.09.01"]
[Round "7.12"]
[White "Camarena Jimenez, Rufino"]
[Black "Hernandez Torralba, Jose Joaquin"]
[Result "1-0"]
[WhiteElo "2317"]
[BlackElo "2061"]
[Annotator "ChessBase"]
[PlyCount "71"]
[EventDate "2019.08.28"]
[EventType "swiss"]
[EventCountry "POR"]
[SourceTitle "playchess.com"]
[Source "ChessBase"]
[SourceQuality "1"]
[TimeControl "5400+30"]

1. d4 {[%emt 0:00:00]} Nf6 {[%emt 0:01:18]} 2. c4 {[%emt 0:00:00]} g6 {[%emt 0:00:09]} 3. Nc3 {[%emt 0:00:10]} d5 {[%emt 0:00:09]} 4. cxd5 {[%emt 0:00:38]} Nxd5 {[%emt 0:00:08]} 5. e4 {[%emt 0:00:03]} Nxc3 {[%emt 0:00:08]} 6. bxc3 {[%emt 0:00:03]} Bg7 {[%emt 0:00:08]} 7. Qa4+ {[%emt 0:00:09]} Nd7 {[%emt 0:04:20]} 8. Nf3 {[%emt 0:00:41]} c5 {[%emt 0:02:52]} 9. Bg5 {[%emt 0:04:37]} O-O {[%emt 0:04:25]} 10. Rd1 {[%emt 0:02:20]} h6 {[%emt 0:07:54]} 11. Be3 {[%emt 0:03:38]} cxd4 {[%emt 0:01:46]} 12. cxd4 {[%emt 0:00:09]} Nb6 {[%emt 0:00:34]} 13. Qa5 {[%emt 0:11:39]} Be6 {[%emt 0:11:33]} 14. d5 {[%emt 0:06:43]} Bg4 {[%emt 0:00:08]} 15. Be2 {[%emt 0:03:40]} Qd7 {[%emt 0:11:00]} 16. O-O {[%emt 0:10:57]} Bxf3 {[%emt 0:02:27]} 17. gxf3 {[%emt 0:11:16]} g5 {[%emt 0:04:54]} 18. Kg2 {[%emt 0:02:12]} Be5 {[%emt 0:06:59]} 19. h4 {[%emt 0:06:15]} f6 {[%emt 0:15:05]} 20. Rh1 {[%emt 0:01:16]} Kg7 {[%emt 0:01:54]} 21. Rdg1 {[%emt 0:09:05]} Bc7 {[%emt 0:06:09]} 22. Qd2 {[%emt 0:00:53]} Rg8 {[%emt 0:04:18]} 23. Kf1 {[%emt 0:02:27]} Kf7 {[%emt 0:01:01]} 24. hxg5 {[%emt 0:02:01]} hxg5 {[%emt 0:00:07]} 25. f4 {[%emt 0:01:39]} g4 {[%emt 0:03:54]} 26. Rh7+ {[%emt 0:03:44]} Ke8 {[%emt 0:00:38]} 27. f5 {[%emt 0:03:11]} Qa4 {[%emt 0:01:23]} 28. d6 {[%emt 0:06:17]} Nc4 {[%emt 0:06:08]} 29. Rxe7+ {[%emt 0:01:23]} Kd8 {[%emt 0:00:07]} 30. Bxc4 {[%emt 0:01:16]} Qxc4+ {[%emt 0:00:11]} 31. Kg2 {[%emt 0:00:28]} Bb6 {[%emt 0:02:08]} 32. Rc1 {[%emt 0:01:29]} Qb5 {[%emt 0:00:49]} 33. Qc3 {[%emt 0:02:15]} Rf8 {[%emt 0:01:00]} 34. Bxb6+ {[%emt 0:00:28]} Qxb6 {[%emt 0:00:07]} 35. Qc7+ {[%emt 0:00:36]} Qxc7 {[%emt 0:00:06]} 36. Rcxc7 {[%emt 0:00:06]} 1-0

[Event "Guimaraes Open 2019"]
[Site "Guimaraes"]
[Date "2019.09.01"]
[Round "7.13"]
[White "Rodrigues, Afonso"]
[Black "Tilicheev, Viacheslav"]
[Result "0-1"]
[WhiteElo "2134"]
[BlackElo "2482"]
[Annotator "ChessBase"]
[PlyCount "66"]
[EventDate "2019.08.28"]
[EventType "swiss"]
[EventCountry "POR"]
[SourceTitle "playchess.com"]
[Source "ChessBase"]
[SourceQuality "1"]
[TimeControl "5400+30"]

1. d4 {[%emt 0:00:46]} f5 {[%emt 0:00:00]} 2. Bf4 {[%emt 0:00:37]} Nf6 {[%emt 0:00:00]} 3. e3 {[%emt 0:00:06]} e6 {[%emt 0:00:00]} 4. Nf3 {[%emt 0:01:06]} Be7 {[%emt 0:00:00]} 5. h3 {[%emt 0:00:31]} O-O {[%emt 0:00:00]} 6. Bd3 {[%emt 0:01:20]} b6 {[%emt 0:00:18]} 7. g4 {[%emt 0:07:17]} Nd5 {[%emt 0:00:38]} 8. Bh2 {[%emt 0:17:17]} Bb7 {[%emt 0:00:02]} 9. Nbd2 {[%emt 0:12:54]} f4 {[%emt 0:02:52]} 10. e4 {[%emt 0:03:11]} Nb4 {[%emt 0:00:04]} 11. Qe2 {[%emt 0:05:20]} c5 {[%emt 0:01:32]} 12. c3 {[%emt 0:03:16]} Nxd3+ {[%emt 0:00:04]} 13. Qxd3 {[%emt 0:00:08]} cxd4 {[%emt 0:00:23]} 14. Nxd4 {[%emt 0:02:18]} Nc6 {[%emt 0:00:19]} 15. Nxc6 {[%emt 0:03:55]} Bxc6 {[%emt 0:01:33]} 16. O-O-O {[%emt 0:01:00]} b5 {[%emt 0:00:04]} 17. f3 {[%emt 0:01:23]} e5 {[%emt 0:00:30]} 18. Kb1 {[%emt 0:01:00]} Qc7 {[%emt 0:00:13]} 19. Bg1 {[%emt 0:04:47]} Rfd8 {[%emt 0:00:04]} 20. Bf2 {[%emt 0:03:14]} d5 {[%emt 0:01:17]} 21. Qc2 {[%emt 0:00:46]} Qb7 {[%emt 0:01:46]} 22. Rhe1 {[%emt 0:01:09]} Rac8 {[%emt 0:00:24]} 23. exd5 {[%emt 0:05:37]} Bxd5 {[%emt 0:00:14]} 24. Qf5 {[%emt 0:00:08]} Qa6 {[%emt 0:01:40]} 25. a3 {[%emt 0:00:27]} Bxa3 {[%emt 0:01:45]} 26. Qxe5 {[%emt 0:07:43]} Ba2+ {[%emt 0:06:20]} 27. Kc2 {[%emt 0:02:17]} Bd6 {[%emt 0:00:07]} 28. Qe4 {[%emt 0:01:54]} b4 {[%emt 0:00:25]} 29. Bd4 {[%emt 0:01:54]} Qa4+ {[%emt 0:07:47]} 30. Kd3 {[%emt 0:00:38]} bxc3 {[%emt 0:01:45]} 31. bxc3 {[%emt 0:00:07]} Bf7 {[%emt 0:07:15]} 32. Qb7 {[%emt 0:02:04]} Rb8 {[%emt 0:00:30]} 33. Qxa7 {[%emt 0:03:32]} Qxa7 {[%emt 0:00:04]} 0-1

[Event "Guimaraes Open 2019"]
[Site "Guimaraes"]
[Date "2019.09.01"]
[Round "7.14"]
[White "Pintor, Simao Maciel Abranch"]
[Black "Campora, Daniel H."]
[Result "1/2-1/2"]
[WhiteElo "2076"]
[BlackElo "2426"]
[Annotator "TA"]
[PlyCount "39"]
[EventDate "2019.08.28"]
[EventType "swiss"]
[EventCountry "POR"]
[SourceTitle "playchess.com"]
[Source "ChessBase"]
[SourceQuality "1"]

{[%evp 22,24,59,66,64]} 1. Nf3 Nf6 2. g3 g6 3. b3 Bg7 4. Bb2 O-O 5. Bg2 d5 6. c4 c5 7. cxd5 Nxd5 8. Bxg7 Kxg7 9. d4 Nc6 10. O-O cxd4 11. Nxd4 Nxd4 12. Qxd4+ {[%mdl 64] [#] Double Attack} Nf6 {A05: Réti Opening: 1 Nf3 Nf6} {Predecessor:} 13. Qe5 $146 Qb6 14. Nc3 Be6 15. Na4 Qb4 16. Qc5 a5 17. Qxb4 axb4 18. Bxb7 Ra5 19. Rfc1 Rd8 20. Rc5 {1-0 (67) Meier,G (2647)-Sebenik,M (2551) chess.com INT 2018} 1/2-1/2

[Event "Guimaraes Open 2019"]
[Site "Guimaraes"]
[Date "2019.09.01"]
[Round "7.15"]
[White "Garcia Moreno, Carlos"]
[Black "Gomez Peco, David"]
[Result "0-1"]
[WhiteElo "2292"]
[BlackElo "2104"]
[Annotator "ChessBase"]
[PlyCount "94"]
[EventDate "2019.08.28"]
[EventType "swiss"]
[EventCountry "POR"]
[SourceTitle "playchess.com"]
[Source "ChessBase"]
[SourceQuality "1"]
[TimeControl "5400+30"]

1. e4 {[%emt 0:00:00]} c5 {[%emt 0:04:33]} 2. Nf3 {[%emt 0:00:00]} Nc6 {[%emt 0:00:12]} 3. Bb5 {[%emt 0:00:21]} g6 {[%emt 0:01:45]} 4. O-O {[%emt 0:00:59]} Bg7 {[%emt 0:00:26]} 5. c3 {[%emt 0:01:29]} e5 {[%emt 0:04:58]} 6. Re1 {[%emt 0:04:29]} Nge7 {[%emt 0:03:50]} 7. b4 {[%emt 0:37:02]} cxb4 {[%emt 0:10:09]} 8. cxb4 {[%emt 0:00:02]} O-O {[%emt 0:01:21]} 9. Nc3 {[%emt 0:07:38]} d6 {[%emt 0:03:10]} 10. Rb1 {[%emt 0:06:25]} Bg4 {[%emt 0:04:46]} 11. Be2 {[%emt 0:06:41]} d5 {[%emt 0:06:17]} 12. exd5 {[%emt 0:10:06]} Nxd5 {[%emt 0:01:32]} 13. b5 {[%emt 0:01:04]} Nce7 {[%emt 0:02:12]} 14. Ba3 {[%emt 0:06:28]} Re8 {[%emt 0:04:29]} 15. Qa4 {[%emt 0:08:14]} Nf4 {[%emt 0:03:28]} 16. Bf1 {[%emt 0:04:21]} Bxf3 {[%emt 0:01:08]} 17. gxf3 {[%emt 0:00:01]} Nf5 {[%emt 0:00:27]} 18. Ne4 {[%emt 0:01:46]} Nd4 {[%emt 0:01:01]} 19. Re3 {[%emt 0:00:15]} f5 {[%emt 0:01:56]} 20. Nd6 {[%emt 0:00:28]} Re6 {[%emt 0:03:21]} 21. Nxb7 {[%emt 0:00:50]} Qg5+ {[%emt 0:00:31]} 22. Kh1 {[%emt 0:00:01]} Qh4 {[%emt 0:00:33]} 23. Nc5 {[%emt 0:00:39]} Ree8 {[%emt 0:08:51]} 24. Nd3 {[%emt 0:01:11]} Nxd3 {[%emt 0:00:39]} 25. Rxd3 {[%emt 0:00:17]} Qxf2 {[%emt 0:00:32]} 26. Bc5 {[%emt 0:00:38]} Rad8 {[%emt 0:03:34]} 27. Bxa7 {[%emt 0:00:41]} Bh6 {[%emt 0:01:58]} 28. Qd1 {[%emt 0:01:02]} Bf4 {[%emt 0:00:20]} 29. Bg2 {[%emt 0:00:21]} Qh4 {[%emt 0:00:40]} 30. h3 {[%emt 0:00:24]} Qg3 {[%emt 0:00:32]} 31. Qg1 {[%emt 0:00:20]} Ne2 {[%emt 0:00:29]} 32. Rxd8 {[%emt 0:00:06]} Nxg1 {[%emt 0:00:11]} 33. Rxe8+ {[%emt 0:00:03]} Kf7 {[%emt 0:00:13]} 34. Bxg1 {[%emt 0:00:03]} Kxe8 {[%emt 0:00:17]} 35. d3 {[%emt 0:00:35]} e4 {[%emt 0:00:29]} 36. dxe4 {[%emt 0:00:04]} fxe4 {[%emt 0:00:09]} 37. fxe4 {[%emt 0:00:27]} Qd3 {[%emt 0:02:26]} 38. Rb3 {[%emt 0:00:21]} Qc2 {[%emt 0:00:08]} 39. Ra3 {[%emt 0:01:03]} Qc1 {[%emt 0:01:07]} 40. Rf3 {[%emt 0:01:08]} Be5 {[%emt 0:00:48]} 41. b6 {[%emt 0:00:40]} Qb1 {[%emt 0:01:44]} 42. Rb3 {[%emt 0:01:30]} Qxa2 {[%emt 0:02:13]} 43. Rb5 {[%emt 0:00:01]} Qa1 {[%emt 0:00:53]} 44. b7 {[%emt 0:00:20]} Bb8 {[%emt 0:00:26]} 45. e5 {[%emt 0:01:19]} Ke7 {[%emt 0:01:07]} 46. Rb3 {[%emt 0:00:29]} Ba7 {[%emt 0:01:18]} 47. Bf1 {[%emt 0:00:37]} Qxf1 {[%emt 0:00:39]} 0-1

[Event "Guimaraes Open 2019"]
[Site "Guimaraes"]
[Date "2019.09.01"]
[Round "7.16"]
[White "Redondo Arguelles, Graciela"]
[Black "Alonso Garcia, Aaron"]
[Result "0-1"]
[WhiteElo "2021"]
[BlackElo "2291"]
[Annotator "NA"]
[PlyCount "108"]
[EventDate "2019.08.28"]
[EventType "swiss"]
[EventCountry "POR"]
[SourceTitle "playchess.com"]
[Source "ChessBase"]
[SourceQuality "1"]
[TimeControl "5400+30"]

1. e4 {[%emt 0:01:35]} g6 {[%emt 0:00:28]} 2. d4 {[%emt 0:00:50]} Bg7 {[%emt 0:00:04]} 3. c3 {[%emt 0:01:15]} d6 {[%emt 0:02:32]} 4. Nf3 {[%emt 0:01:15]} Nf6 {[%emt 0:03:43]} 5. Bd3 {[%emt 0:01:34]} O-O {[%emt 0:02:00]} 6. O-O {[%emt 0:00:29]} Nc6 {[%emt 0:02:34]} 7. h3 {[%emt 0:03:14]} e5 {[%emt 0:00:49]} 8. Be3 {[%emt 0:14:12]} Nh5 {[%emt 0:13:52] B07: Pirc Defence: Miscellaneous Systems} (8... h6 9. Nbd2 Nh5 10. dxe5 dxe5 11. Bb5 Qf6 12. Nc4 a6 13. Bxc6 Qxc6 14. Qd5 Qe8 15. Ncxe5 Nf6 16. Qc4 {½-½ (94) Grigoryan,K (2602)-Petrosian,T (2625) Yerevan 2015}) 9. dxe5 {[%emt 0:01:57]} dxe5 {[%emt 0:01:13]} 10. Bc4 {[%emt 0:00:12]} Na5 $146 {[%emt 0:07:40]} ({Predecessor:} 10... Qe7 11. b4 b6 12. Bd5 Bb7 {½-½ (35) Porwol,A (2116)-Gorol,J Poland 2008}) 11. Bb5 {[%emt 0:15:48]} a6 {[%emt 0:01:56]} 12. Ba4 {[%emt 0:04:28]} b5 {[%emt 0:13:02]} 13. Bc2 {[%emt 0:00:44]} Bb7 {[%emt 0:01:04]} 14. Nbd2 {[%emt 0:01:43]} Nf4 {[%emt 0:00:51]} 15. b4 {[%emt 0:00:35]} Nc4 {[%emt 0:05:45]} 16. Nxc4 {[%emt 0:06:59]} bxc4 {[%emt 0:00:05]} 17. Nd2 {[%emt 0:00:07]} Qd7 {[%emt 0:01:47]} 18. Nxc4 {[%emt 0:09:24]} Qb5 {[%emt 0:06:45]} 19. Na3 {[%emt 0:13:34]} Ne2+ {[%emt 0:03:09]} 20. Kh2 {[%emt 0:00:29]} Nxc3 {[%emt 0:00:04]} 21. Nxb5 {[%emt 0:00:19]} Nxd1 {[%emt 0:00:05]} 22. Rfxd1 {[%emt 0:01:24]} axb5 {[%emt 0:00:04]} 23. Rd7 {[%emt 0:00:09]} Rac8 {[%emt 0:00:24]} 24. f3 {[%emt 0:03:45]} Rfd8 {[%emt 0:10:48]} 25. Rad1 {[%emt 0:00:26]} Rxd7 {[%emt 0:00:04]} 26. Rxd7 {[%emt 0:00:03]} Bc6 {[%emt 0:00:05]} 27. Rd3 {[%emt 0:00:28]} Bf8 {[%emt 0:00:58]} 28. a3 {[%emt 0:01:37]} Bd6 {[%emt 0:01:43]} 29. Bh6 $11 {[%emt 0:01:09]} f5 {[%emt 0:03:36]} 30. Bb3+ {[%emt 0:03:42]} Kh8 {[%emt 0:00:01]} 31. exf5 {[%emt 0:00:07]} gxf5 {[%emt 0:01:25]} 32. Kg1 {[%emt 0:03:06]} Bd7 {[%emt 0:00:38]} 33. g4 {[%emt 0:03:30]} Ra8 {[%emt 0:04:08]} 34. Bd5 Ra6 {[%emt 0:00:07]} 35. Be3 {[%emt 0:02:53]} Bc6 {[%emt 0:04:22]} 36. Be6 {[%emt 0:01:23]} f4 {[%emt 0:01:42]} 37. Bf2 {[%emt 0:00:18]} Kg7 {[%emt 0:00:18]} 38. Rc3 {[%emt 0:01:34]} Kf8 {[%emt 0:06:14]} 39. Bc8 {[%emt 0:00:59]} Ra8 {[%emt 0:00:01]} 40. Bf5 {[%emt 0:00:05]} Bd5 {[%emt 0:01:28]} 41. Bxh7 {[%emt 0:00:05]} Ke7 {[%emt 0:01:07]} 42. Be4 {[%emt 0:00:40]} c6 {[%emt 0:00:35]} 43. Bh4+ {[%emt 0:01:25]} Kf7 {[%emt 0:00:24]} 44. Rd3 {[%emt 0:00:59]} Rh8 {[%emt 0:00:42]} 45. Bxd5+ {[%emt 0:00:50]} cxd5 {[%emt 0:00:01]} 46. Rxd5 {[%emt 0:00:09]} Ke6 {[%emt 0:00:01]} 47. Rxb5 {[%emt 0:00:25]} Rxh4 {[%emt 0:00:01]} 48. Kg2 {[%emt 0:00:06]} Rh8 {[%emt 0:00:01]} 49. a4 {[%emt 0:00:34]} Rc8 {[%emt 0:00:04]} 50. Rb7 {[%emt 0:00:15]} Rc2+ {[%emt 0:01:19]} 51. Kf1 {[%emt 0:00:55]} e4 {[%emt 0:01:31]} 52. fxe4 {[%emt 0:00:16]} f3 {[%emt 0:00:00]} 53. Rb5 {[%emt 0:01:00]} Bg3 {[%emt 0:00:30]} 54. Rf5 {[%emt 0:00:22]} Rc1# 0-1

[Event "Guimaraes Open 2019"]
[Site "Guimaraes"]
[Date "2019.09.01"]
[Round "7.17"]
[White "Fidalgo, Andre Neves"]
[Black "Bukhteeva, Viktoria"]
[Result "1/2-1/2"]
[WhiteElo "2261"]
[BlackElo "2128"]
[Annotator "NA"]
[PlyCount "51"]
[EventDate "2019.08.28"]
[EventType "swiss"]
[EventCountry "POR"]
[SourceTitle "playchess.com"]
[Source "ChessBase"]
[SourceQuality "1"]
[TimeControl "5400+30"]

1. Nf3 {[%emt 0:00:00]} d5 {[%emt 0:00:00]} 2. c4 {[%emt 0:00:00]} d4 {[%emt 0:00:00]} 3. e3 {[%emt 0:00:00]} Nc6 {[%emt 0:00:01]} 4. b4 {[%emt 0:10:19]} Bg4 {[%emt 0:06:22]} 5. b5 {[%emt 0:04:11]} Ne5 {[%emt 0:01:04]} 6. Bb2 {[%emt 0:00:37]} Bxf3 {[%emt 0:03:42]} 7. gxf3 {[%emt 0:00:14]} c5 {[%emt 0:00:05]} 8. f4 {[%emt 0:06:59]} Ng6 {[%emt 0:00:26]} 9. Qf3 {[%emt 0:02:15]} Qb6 {[%emt 0:02:19]} 10. a4 {[%emt 0:00:44]} a5 {[%emt 0:01:47]} 11. Bg2 {[%emt 0:01:14]} O-O-O {[%emt 0:00:50]} 12. h4 {[%emt 0:06:39]} h5 {[%emt 0:02:40]} 13. exd4 {[%emt 0:00:05]} e6 {[%emt 0:00:02]} 14. f5 {[%emt 0:05:01]} exf5 {[%emt 0:03:16]} 15. Qxf5+ {[%emt 0:08:52]} Kb8 {[%emt 0:00:07]} 16. d5 {[%emt 0:00:05]} Nh6 {[%emt 0:01:26]} 17. Qf3 {[%emt 0:00:31]} Bd6 {[%emt 0:01:05]} 18. Qxh5 {[%emt 0:07:46]} Nf4 {[%emt 0:03:25]} 19. Qf3 {[%emt 0:01:49]} Nf5 {[%emt 0:00:09]} 20. h5 {[%emt 0:01:09]} Rde8+ {[%emt 0:00:04]} 21. Kd1 {[%emt 0:01:20]} Qd8 {[%emt 0:00:04]} 22. Qg4 {[%emt 0:17:57]} Nh6 {[%emt 0:00:10]} 23. Qf3 {[%emt 0:01:22]} Nf5 {[%emt 0:00:04]} 24. Qg4 {[%emt 0:00:05]} Nh6 {[%emt 0:00:04]} 25. Qf3 {[%emt 0:00:03]} Nf5 {[%emt 0:00:04]} 26. Qg4 {[%emt 0:00:07]} 1/2-1/2

[Event "Guimaraes Open 2019"]
[Site "Guimaraes"]
[Date "2019.09.01"]
[Round "7.18"]
[White "Lopez Gonzalez, Alfonso"]
[Black "Sismeiro, Miguel"]
[Result "1-0"]
[WhiteElo "2219"]
[BlackElo "2054"]
[Annotator "NA"]
[PlyCount "155"]
[EventDate "2019.08.28"]
[EventType "swiss"]
[EventCountry "POR"]
[SourceTitle "playchess.com"]
[Source "ChessBase"]
[SourceQuality "1"]
[TimeControl "5400+30"]

1. d4 {[%emt 0:00:00]} Nf6 {[%emt 0:03:16]} 2. c4 {[%emt 0:00:00]} g6 {[%emt 0:00:07]} 3. Nc3 {[%emt 0:00:00]} d5 {[%emt 0:00:02]} 4. cxd5 {[%emt 0:00:00]} Nxd5 {[%emt 0:00:04]} 5. e4 {[%emt 0:00:00]} Nxc3 {[%emt 0:00:04]} 6. bxc3 {[%emt 0:00:00]} Bg7 {[%emt 0:00:04]} 7. Bc4 {[%emt 0:00:04]} O-O {[%emt 0:00:12]} 8. Ne2 {[%emt 0:00:05]} Nc6 {[%emt 0:03:50]} 9. O-O {[%emt 0:01:03]} b6 {[%emt 0:00:03]} 10. Be3 {[%emt 0:05:07]} Bb7 {[%emt 0:00:30]} 11. f3 {[%emt 0:01:05]} Na5 {[%emt 0:02:21]} 12. Bd3 {[%emt 0:05:26]} e5 {[%emt 0:02:23]} 13. d5 {[%emt 0:06:21]} c5 {[%emt 0:02:31]} 14. c4 {[%emt 0:03:00]} Bc8 {[%emt 0:00:44]} 15. Nc1 {[%emt 0:07:38]} Nb7 {[%emt 0:02:00]} 16. Nb3 {[%emt 0:04:14]} Nd6 {[%emt 0:02:57]} 17. a4 {[%emt 0:01:50]} a5 {[%emt 0:05:13]} 18. Nd2 {[%emt 0:02:00]} f5 {[%emt 0:02:45]} 19. Rb1 {[%emt 0:05:22]} f4 {[%emt 0:04:08]} 20. Bf2 {[%emt 0:00:02]} g5 {[%emt 0:03:59]} 21. h3 {[%emt 0:24:38]} h5 {[%emt 0:02:58]} 22. Be2 {[%emt 0:02:51]} Bd7 {[%emt 0:02:09]} 23. Re1 {[%emt 0:01:02]} Rb8 {[%emt 0:03:00]} 24. Kf1 {[%emt 0:03:38]} Qe8 {[%emt 0:00:46]} 25. Ra1 {[%emt 0:00:10]} Qg6 {[%emt 0:00:05]} 26. Qb3 {[%emt 0:07:02]} Kf7 {[%emt 0:01:27]} 27. Bd1 {[%emt 0:01:56]} g4 {[%emt 0:01:41]} 28. hxg4 {[%emt 0:00:52]} hxg4 {[%emt 0:00:05]} 29. fxg4 {[%emt 0:00:03]} Bxg4 {[%emt 0:01:56]} 30. Bf3 {[%emt 0:00:03]} Ke7 {[%emt 0:00:56]} 31. Qd3 {[%emt 0:03:26]} Rh8 {[%emt 0:01:39]} 32. Ke2 {[%emt 0:02:20]} Rh2 {[%emt 0:00:16]} 33. Rg1 {[%emt 0:01:27]} Kd7 {[%emt 0:14:54]} 34. g3 {[%emt 0:03:50]} Bxf3+ {[%emt 0:06:17]} 35. Qxf3 {[%emt 0:00:12]} Qf6 {[%emt 0:07:20]} 36. gxf4 {[%emt 0:01:54]} Bh6 {[%emt 0:00:04]} 37. Rh1 {[%emt 0:02:21]} Rxf2+ {[%emt 0:09:43]} 38. Qxf2 {[%emt 0:00:01]} Rf8 {[%emt 0:00:22]} 39. Qh4 Bxf4 {[%emt 0:02:03]} 40. Qxf6 {[%emt 0:01:50]} Rxf6 {[%emt 0:00:04]} 41. Raf1 {[%emt 0:01:41]} Rg6 {[%emt 0:00:21]} 42. Rfg1 {[%emt 0:00:46]} Rxg1 {[%emt 0:00:14]} 43. Rxg1 {[%emt 0:00:03]} Bxd2 {[%emt 0:00:07]} 44. Rg7+ {[%emt 0:00:05]} Kd8 {[%emt 0:00:17]} 45. Kxd2 {[%emt 0:00:06]} Nxc4+ {[%emt 0:00:08]} 46. Kc3 {[%emt 0:00:31]} Nd6 {[%emt 0:00:46]} 47. Kd3 {[%emt 0:00:10]} c4+ {[%emt 0:00:23]} 48. Ke3 {[%emt 0:00:08]} c3 {[%emt 0:00:38]} 49. Kd3 {[%emt 0:01:29]} c2 {[%emt 0:00:05]} 50. Rg1 {[%emt 0:00:46]} Nb7 {[%emt 0:00:12]} 51. Kxc2 {[%emt 0:01:02]} Nc5 {[%emt 0:00:04]} 52. Rg5 {[%emt 0:02:25]} Nxe4 {[%emt 0:00:17]} 53. Rxe5 {[%emt 0:00:03]} Nc5 {[%emt 0:00:04]} 54. Kc3 {[%emt 0:01:08]} Nxa4+ {[%emt 0:02:38]} 55. Kc4 {[%emt 0:00:05]} Kd7 {[%emt 0:01:35]} 56. Re6 {[%emt 0:00:54]} Kc7 {[%emt 0:00:28]} 57. Rc6+ {[%emt 0:00:28]} Kd7 {[%emt 0:00:05]} 58. Kb5 {[%emt 0:00:57]} Nb2 {[%emt 0:00:11]} 59. Rxb6 {[%emt 0:00:41]} Nd3 {[%emt 0:00:38]} 60. Kc4 {[%emt 0:00:34]} Ne5+ {[%emt 0:00:18]} 61. Kd4 {[%emt 0:00:38]} Nf3+ {[%emt 0:00:19]} 62. Kc5 {[%emt 0:00:28]} Ne5 {[%emt 0:00:44]} 63. Rb7+ {[%emt 0:00:29]} Kc8 {[%emt 0:00:06]} 64. Ra7 {[%emt 0:00:27]} Nd7+ {[%emt 0:00:21]} 65. Kd4 {[%emt 0:00:37]} Nb6 {[%emt 0:00:39]} 66. Rxa5 {[%emt 0:00:08]} Kc7 {[%emt 0:00:05]} 67. Rc5+ {[%emt 0:00:15]} Kd7 {[%emt 0:00:07]} 68. Rc1 {[%emt 0:00:10]} Nc8 {[%emt 0:00:16]} 69. Rh1 {[%emt 0:00:12]} Ne7 {[%emt 0:00:29]} 70. Ra1 {[%emt 0:00:23]} Nc8 {[%emt 0:00:06]} 71. Ke5 {[%emt 0:00:03]} Nb6 {[%emt 0:00:08]} 72. Ra7+ {[%emt 0:00:09]} Kd8 {[%emt 0:00:08]} 73. Rh7 {[%emt 0:00:16]} Nc4+ {[%emt 0:00:06]} 74. Ke6 {[%emt 0:00:08]} Kc8 {[%emt 0:00:17]} 75. d6 {[%emt 0:00:09]} Nb6 {[%emt 0:00:08]} 76. d7+ {[%emt 0:00:04]} Kc7 {[%emt 0:00:08]} 77. Rh8 {[%emt 0:00:23]} Nxd7 {[%emt 0:00:05]} 78. Rh7 1-0

[Event "Guimaraes Open 2019"]
[Site "Guimaraes"]
[Date "2019.09.01"]
[Round "7.19"]
[White "Lopez Quevedo, Eduardo"]
[Black "Silva, Pedro Gil Ferreira D"]
[Result "1-0"]
[WhiteElo "2188"]
[BlackElo "1960"]
[Annotator "NA"]
[PlyCount "49"]
[EventDate "2019.08.28"]
[EventType "swiss"]
[EventCountry "POR"]
[SourceTitle "playchess.com"]
[Source "ChessBase"]
[SourceQuality "1"]
[TimeControl "5400+30"]

1. d4 {[%emt 0:00:13]} Nf6 {[%emt 0:00:00]} 2. Nf3 {[%emt 0:00:21]} e6 {[%emt 0:00:00]} 3. Bf4 {[%emt 0:00:21]} c5 {[%emt 0:00:35]} 4. e3 {[%emt 0:00:46]} d5 {[%emt 0:00:07]} 5. Nbd2 {[%emt 0:01:01]} Nc6 {[%emt 0:00:36]} 6. c3 {[%emt 0:01:10]} Bd6 {[%emt 0:00:22]} 7. Bg3 {[%emt 0:00:10]} O-O {[%emt 0:00:21]} 8. Bd3 {[%emt 0:01:17]} b6 {[%emt 0:00:57]} 9. Ne5 {[%emt 0:02:45]} Qc7 {[%emt 0:01:47]} 10. f4 {[%emt 0:03:47]} Bb7 {[%emt 0:00:53]} 11. Bh4 {[%emt 0:22:58]} Be7 {[%emt 0:09:59]} 12. Qf3 {[%emt 0:12:40]} g6 {[%emt 0:37:27]} 13. Bg5 {[%emt 0:06:53]} Ne4 {[%emt 0:15:17]} 14. Bxe7 {[%emt 0:01:22]} Nxd2 {[%emt 0:00:24]} 15. Kxd2 {[%emt 0:00:07]} Nxe7 {[%emt 0:00:14]} 16. Qh3 {[%emt 0:08:04]} Qd6 {[%emt 0:04:46]} 17. Qh6 {[%emt 0:02:14]} Nf5 {[%emt 0:02:50]} 18. Bxf5 {[%emt 0:02:02]} exf5 {[%emt 0:00:04]} 19. h4 {[%emt 0:03:38]} f6 {[%emt 0:07:54]} 20. Nxg6 {[%emt 0:01:51]} hxg6 {[%emt 0:00:06]} 21. Qxg6+ {[%emt 0:00:07]} Kh8 {[%emt 0:00:18]} 22. Qh6+ {[%emt 0:02:16]} Kg8 {[%emt 0:00:04]} 23. Rh3 {[%emt 0:02:49]} Ba6 {[%emt 0:01:43]} 24. Qg6+ {[%emt 0:00:21]} Kh8 {[%emt 0:00:05]} 25. Qh5+ {[%emt 0:00:06]} 1-0